Famous Italian Footballers by Picture - Statistics

General Stats
  • This quiz has been taken 817 times
  • The average score is 19 of 25
Answer Stats
Picture Answer % Correct
Gianluigi Buffon
99%
Andrea Pirlo
97%
Paolo Maldini
97%
Giorgio Chiellini
94%
Mario Balotelli
93%
Fabio Cannavaro
89%
Roberto Baggio
88%
Gennaro Gattuso
86%
Francesco Totti
85%
Leonardo Bonucci
84%
Marco Verratti
84%
Alessandro Del Piero
81%
Jorginho
80%
Alessandro Nesta
79%
Daniele De Rossi
76%
Franco Baresi
74%
Filippo Inzaghi
71%
Lorenzo Insigne
68%
Gianfranco Zola
64%
Dino Zoff
58%
Gianluca Zambrotta
56%
Christian Vieri
51%
Paolo Rossi
45%
Roberto Mancini
36%
Gianni Rivera
20%
No matching quizzes found
Score Distribution
Percent of People with Each Score
Percentile by Number Answered
Your Score History
You have not taken this quiz